| 000 -LEADER |
| fixed length control field |
00582nam a22001937a 4500 |
| 008 - FIXED-LENGTH DATA ELEMENTS--GENERAL INFORMATION |
| fixed length control field |
150707b xxu||||| |||| 00| 0 alb d |
| 020 ## - INTERNATIONAL STANDARD BOOK NUMBER |
| International Standard Book Number |
9789995619428 |
| 041 0# - LANGUAGE CODE |
| Language code of text/sound track or separate title |
alb |
| 080 ## - UNIVERSAL DECIMAL CLASSIFICATION NUMBER |
| Universal Decimal Classification number |
303.023 |
| Common auxiliary subdivision |
(076.2) |
| 100 ## - Rafti |
| Rafti |
Kocani, Aleksandër ; |
| 245 ## - TITLE STATEMENT |
| Title |
Ushtrime me metodat e kërkimit sasior në shkencat sociale / |
| Statement of responsibility, etc |
Aleksandër Kocani. |
| 260 ## - |
| -- |
Tiranë : |
| -- |
UFO Press, |
| -- |
2009. |
| 300 ## - |
| -- |
175 f. ; |
| -- |
23 cm. |
| 650 #0 - |
| -- |
Shkenca shoqërore |
| 650 #0 - |
| -- |
Metodologjia |
| 650 #0 - |
| -- |
Probleme, ushtrime, etj. |
| 650 #0 - |
| -- |
Tekste për shkollat e larta |
| 942 ## - ADDED ENTRY ELEMENTS (KOHA) |
| Source of classification or shelving scheme |
|
| Item type |
Books |